000 00354 a2200121 4500
001 ART_26212
005 20260410161937.0
008 260409a
245 1 0 _aContratación de obra versus concesión de obra pública
100 1 _aBeltrán, Carlos
700 1 _aDutto, Martín L.
773 0 _tSaberEs
_g- Nº 4 (jun. 2012)
_wREV26089
999 _c29104
_d29104